000 00441nam a2200181Ia 4500
005 20240823043111.0
008 240823s9999||||xx |||||||||||||| ||und||
041 _aENGLISH
082 _A658.802 M8
100 _a"Baker,Micheal J"
245 0 _aMarketing Strategy and Management
250 _a1st
260 _c1988
_b"Macmillan,London"
500 _aYES
650 _aManagement
_bManagement Studies
942 _cBK
999 _c209431
_d209431